01842nam a2200181 i 4500001000700000003000900007005001700016008004100033110004600074245008300120260009300203300002000296505117400316852002901490942000801519999001901527952011401546170435ES-MaACL20250806045157.0090305s19131916sp |||| | spa d2 aReal Academia de Medicina de Madrid9631810aDiscursos pronunciados en la Real Academia de Medicina de Madridb: 1913-1916. aMadrid : b[s.n.], c1913 (eMadrid : fImp. Colegio Nacional de Sordomudos y de Ciegos) a1 v. ; c27 cm.8 aContiene: La sanidad en España / Manuel Martín Salazar (161 p., 1 mapa col.) . Discurso... / Eloy Bejarano y Sánchez (p. 162-180, 9 p. de gráf.) . Los alimentos minerales / José Gómez Ocaña (102 p.) . Acciones químicas de las bacterias / José Úbeda y Correál (97 p.) . Discurso... / Ángel Fernández-Caro y Nouvilas (p. 98-122) . Evolución histórica de la cirugía de la vejiga y su estado actual / Rafael Mollá y Rodrigo (76 p.) . Historia de la farmacología / Blas Lázaro e Ibiza (52 p.). Discurso... / José Rodríguez Carracido (p. 53-66) . Las aptitudes del médico para apreciar el desdibujo anatómico y su importancia en las enfermedades del aparato locomotor / Joaquín Decref y Ruiz (34 p.) . Discurso... / José Gómez Ocaña (p. 35-60) . De la "intuición de la verdad" y de la "preparación" en las ciencias biológicas / Gustavo Pittaluga (91 p.) . Discurso... / José Gómez Ocaña (p. 92-127) . Pequeños detalles prácticos y algunos principios generales referentes a las medicaciones locales en oculística / Manuel Márquez y Rodríguez (60 p.) . Discurso... / José Gómez Ocaña (p. 61-78). aES-MaACL9177076 jK-112 2udc c170435d170435 00104070aATENEOMbATENEOMcADMd2009-03-05l0oK-112p1178902r2023-02-23 00:00:00w2023-02-23yMONOGRAFIA